Analýza vplyvu vekových skupín na zmenu strednej dĺžky života pri narodení
Stredná dĺžka života je základným a najdôležitejším ukazovateľom úmrtnostných tabuliek. Je syntetickým ukazovateľom, ktorý obsahuje informácie o úmrtnostných pomeroch, ale aj o zdravotnom stave a životnej úrovni v danej krajine. Je hlavným indikátorom, ktorý sa využíva pri meraní rozdielov v úmrtnos...
Salvato in:
| Autore principale: | |
|---|---|
| Natura: | Capitolo di libro |
| Lingua: | slovacco |
| Soggetti: | |
| Tags: |
Nessun Tag, puoi essere il primo ad aggiungerne!!
|
MARC
| LEADER | 00000nla a2200000 4500 | ||
|---|---|---|---|
| 001 | 0209437 | ||
| 005 | 20240502073459.8 | ||
| 041 | 0 | |a slo | |
| 044 | |a SK | ||
| 245 | 1 | 0 | |a Analýza vplyvu vekových skupín na zmenu strednej dĺžky života pri narodení |c Soňa Coss |
| 520 | |a Stredná dĺžka života je základným a najdôležitejším ukazovateľom úmrtnostných tabuliek. Je syntetickým ukazovateľom, ktorý obsahuje informácie o úmrtnostných pomeroch, ale aj o zdravotnom stave a životnej úrovni v danej krajine. Je hlavným indikátorom, ktorý sa využíva pri meraní rozdielov v úmrtnosti mužov a žien a ich zmien v čase. Analýza vplyvu vekových skupín na zmenu strednej dĺžky života pri narodení. Príspevky vekových skupín na zmenu SDŽ pri narodení. Príspevky vekových skupín na rozdiel v SDŽ pri narodení mužov a žien. | ||
| 610 | 2 | 0 | |a demografia |
| 610 | 2 | 0 | |a vek |
| 610 | 2 | 0 | |a úmrtnosť |
| 610 | 2 | 0 | |a muži |
| 610 | 2 | 0 | |a ženy |
| 100 | 1 | |a Coss, Soňa | |